| 000 | 00730nam a22002411 4500 | ||
|---|---|---|---|
| 001 | 9339 | ||
| 003 | BD-RjUL | ||
| 005 | 20211208234748.0 | ||
| 008 | 140120s1963 nyuc 00000 eng | ||
| 035 | _a(BD-RjUL)9384 | ||
| 040 |
_aBD-RjUL _beng _cBD-RjUL |
||
| 041 | _aeng | ||
| 082 | 0 | 0 |
_a530.1 _bBOE 1963 |
| 100 | 1 |
_aBohr, Niels Henrik David, _d1885-1962. _928952 |
|
| 245 | 1 | 0 |
_aEssays, 1958-1962, on atomic physics and human knowledge. / _cby Niels Henrik David Bohr |
| 260 | 0 |
_a[New York : _bInterscience Publishers, _c1963. |
|
| 300 |
_ax, 100 p. ; _bport. _c24 cm. |
||
| 650 | 0 |
_aQuantum theory. _928953 |
|
| 650 | 0 |
_aAtoms. _925783 |
|
| 650 | 0 |
_aPhysics _xPhilosophy. _928954 |
|
| 942 |
_2ddc _cBK |
||
| 999 |
_c9339 _d9339 |
||